00558nam a2200157 i 4500001000700000003000900007005001700016008004100033040003000074100001900104245007400123260010900197300002700306651003100333852003600364166362ES-MaACL20230906213321.0021001s1880 xxk |||| | eng d aCCPB | B bspa cCCPB | B1 aTodd, Alpheus.10aParliamentary government in the British colonies / cby Alpheus Todd. aLondon : bLittle, Brown, and Company ; aCambridge : bUniversity Press, c1880 (fJohn Wilson and Son) aXII, 607 p. ; c23 cm. 4aGran Bretaña-xColonias. aES-MaACLjG-11738 z- Enc. tela